Quick Pick: Rivers That Flow West Quiz Stats

 Plays Quiz Updated Nov 8, 2017

Challenge
Share
Tweet
Embed
Score 0/9 Timer 01:00
1 Play Today
% Correct
Colorado
83.5%
Congo
78.4%
Rhine
78.3%
Yukon
76.8%
Orange
67.2%
Loire
64.4%
Guadalquivir
57.5%
Syr Darya
53.4%
ParanĂ¡
51.1%

Today's Daily Dose

You're not logged in!

Compare scores with friends on all Sporcle quizzes.
Join for Free
OR
Log In

You Might Also Like...

Show Comments

Extras

Top Quizzes Today


Score Distribution

Your Account Isn't Verified!

In order to create a playlist on Sporcle, you need to verify the email address you used during registration. Go to your Sporcle Settings to finish the process.

Report this User

Report this user for behavior that violates our Community Guidelines.

Details: